|
|
|
|
| LEADER |
03451nam a2200517 4500 |
| 001 |
ocn784124314 |
| 003 |
OCoLC |
| 005 |
20170124072036.6 |
| 006 |
m o d |
| 007 |
cr cn||||||||| |
| 008 |
120406s2012 mau ob 001 0 eng d |
| 040 |
|
|
|a DG1
|b eng
|c DG1
|d OCLCQ
|d OCLCF
|d OCLCO
|d NLGGC
|d OCLCQ
|d EBLCP
|d OCLCQ
|d DEBBG
|d GrThAP
|
| 020 |
|
|
|a 9781444355918
|q (electronic bk.)
|
| 020 |
|
|
|a 1444355910
|q (electronic bk.)
|
| 029 |
1 |
|
|a NZ1
|b 15916023
|
| 029 |
1 |
|
|a DEBBG
|b BV043394410
|
| 035 |
|
|
|a (OCoLC)784124314
|
| 037 |
|
|
|a 10.1002/9781444355918
|b Wiley InterScience
|n http://www3.interscience.wiley.com
|
| 050 |
1 |
4 |
|a BT40
|b .D67 2012
|
| 082 |
0 |
4 |
|a 230.09/034
|2 23
|
| 049 |
|
|
|a MAIN
|
| 100 |
1 |
|
|a Dorrien, Gary J.
|
| 245 |
1 |
0 |
|a Kantian reason and Hegelian spirit :
|b the idealistic logic of modern theology /
|c Gary Dorrien.
|
| 264 |
|
1 |
|a Malden, MA :
|b Wiley-Blackwell,
|c 2012.
|
| 300 |
|
|
|a pages
|
| 336 |
|
|
|a text
|b txt
|2 rdacontent
|
| 337 |
|
|
|a computer
|b c
|2 rdamedia
|
| 338 |
|
|
|a online resource
|b cr
|2 rdacarrier
|
| 505 |
0 |
|
|a Front Matter -- Introduction -- Subjectivity in Question -- Making Sense of Religion -- Dialectics of Spirit -- Hegelian Spirit in Question -- Neo-Kantian Historicism -- Idealistic Ordering -- The Barthian Revolt -- Idealistic Ironies -- Index.
|
| 505 |
0 |
|
|a Introduction: Kantian concepts, liberal theology, and post-Kantian idealism -- Subjectivity in question: Immanuel Kant, Johann G. Fichte, and critical idealism -- Making sense of religion: Friedrich Schleiermacher, John Locke, Samuel Taylor Coleridge, and liberal theology -- Dialectics of spirit: F.W.J. Schelling, G.W.F. Hegel, and absolute idealism -- Hegelian spirit in question: David Friedrich Strauss, Søren Kierkegaard, and mediating theology -- Neo-Kantian historicism: Albrecht Ritschl, Adolf von Harnack, Wilhelm Herrmann, Ernst Troeltsch, and the Ritschlian school -- Idealistic ordering: Lux Mundi, Andrew Seth Pringle-Pattison, Hastings Rashdall, Alfred E. Garvie, Alfred North Whitehead, William Temple, and British idealism -- The Barthian revolt: Karl Barth, Paul Tillich, and the legacy of liberal theology -- Idealistic ironies: from Kant and Hegel to Tillich and Barth.
|
| 504 |
|
|
|a Includes bibliographical references and index.
|
| 533 |
|
|
|a Electronic reproduction.
|b Hoboken, N.J. :
|c Wiley InterScience,
|d 2012.
|n Mode of access: World Wide Web.
|n System requirements: Web browser.
|n Title from title screen (viewed on Mar. 27, 2012).
|n Access may be restricted to users at subscribing institutions.
|
| 600 |
1 |
0 |
|a Kant, Immanuel,
|d 1724-1804
|x Influence.
|
| 600 |
1 |
0 |
|a Hegel, Georg Wilhelm Friedrich,
|d 1770-1831
|x Influence.
|
| 600 |
1 |
4 |
|a Kant, Immanuel,
|d 1724-1804.
|
| 600 |
1 |
4 |
|a Hegel, Georg Wilhelm Friedrich,
|d 1770-1831.
|
| 600 |
1 |
7 |
|a Hegel, Georg Wilhelm Friedrich,
|d 1770-1831.
|2 fast
|0 (OCoLC)fst00031816
|
| 600 |
1 |
7 |
|a Kant, Immanuel,
|d 1724-1804.
|2 fast
|0 (OCoLC)fst00031763
|
| 650 |
|
0 |
|a Philosophical theology.
|
| 650 |
|
7 |
|a Influence (Literary, artistic, etc.)
|2 fast
|0 (OCoLC)fst00972484
|
| 650 |
|
7 |
|a Philosophical theology.
|2 fast
|0 (OCoLC)fst01060773
|
| 655 |
|
4 |
|a Electronic books.
|
| 710 |
2 |
|
|a Wiley InterScience (Online service)
|
| 776 |
0 |
8 |
|i Print version:
|a Dorrien, Gary J.
|t Kantian reason and Hegelian spirit.
|d Malden, MA : Wiley-Blackwell, 2012
|z 9780470673317
|w (DLC) 2011045996
|w (OCoLC)754744002
|
| 856 |
4 |
0 |
|u https://doi.org/10.1002/9781444355918
|z Full Text via HEAL-Link
|
| 994 |
|
|
|a 92
|b DG1
|